Statistics for League of Legends Abilities

Click here to take the quiz!

General Stats

  • This quiz has been taken 77 times
  • The average score is 10 of 24

Answer Stats

ChampionSlotAbility% Correct
NamiRTidal Wave
80%
MalphiteRUnstoppable Force
77%
FioraWRiposte
71%
YuumiEZoomies
69%
OriannaQCommand: Attack
63%
JannaRMonsoon
61%
LuxRFinal Spark
60%
EzrealEArcane Shift
56%
Miss FortunePLove Tap
56%
Master YiRHighlander
50%
MaokaiWTwisted Advance
49%
AhriWFox-Fire
47%
KledQBear Trap On A Rope
46%
ZoeWSpell Thief
34%
IllaoiETest Of Spirit
31%
LuluWWhimsy
27%
KindredQDance Of Arrows
21%
XayahQDouble Daggers
21%
VexWPersonal Space
20%
RivenEValor
20%
Cho'GathPCarnivore
17%
TeemoEToxic Shot
16%
K'SantePDauntless Instinct
9%
NilahPJoy Unending
9%

Score Distribution

Percentile by Number Answered

Percent of People with Each Score

Your Score History

You have not taken this quiz